Pravděpodobnostní dynamické modely /

Gespeichert in:
Bibliographische Detailangaben
1. Verfasser: Mandl, Petr (Verfasst von)
Format: Buch
Sprache:Tschechisch
Veröffentlicht: Praha : Academia, 1985
Ausgabe:1.vyd.
Tags: Tag hinzufügen
Keine Tags, Fügen Sie das erste Tag hinzu!

MARC

LEADER 00000nam a22000003a 4500
001 stu7532
005 20240802141409.6
008 950328s1985----cs------------------cze-d
040 |a STU  |b slo 
041 0 |a cze 
044 |a cs 
080 |a 519.217 
080 |a 519.863 
080 |a 517.938 
100 1 |a Mandl, Petr  |4 aut 
245 1 |a Pravděpodobnostní dynamické modely /  |c [aut.] Mandl,Petr 
250 |a 1.vyd. 
260 |a Praha :  |b Academia,  |c 1985 
300 |a 181 s. 
996 |b E62204  |c E*62204  |l EE22  |s P  |a 0  |w stu7532_0002 
996 |b 284EK90742  |c E* 90742  |l EE01  |s A  |a 24  |w stu7532_0003